ბათუმის შოთა რუსთაველის სახელმწიფო უნივერსიტეტის ბიბლიოთეკა

დიდი წიგნი ბიზნესზე / (ბიბ.ჩანაწერი № 55064)

000 -ლიდერი
ფიქსირებული სიგრძის საკონტროლო ველი 01214nam a2200289Ia 4500
001 - საკონტროლო ნომერი
საკონტროლო ველი 22139
003 - საკონტროლო ნომრის იდენტიფიკატორი
საკონტროლო ველი GE_BSU
005 - ბოლო ოპერაციის თარიღი და დრო
საკონტროლო ველი 20221128144110.0
008 - ფიქსირებული სიგრძის მონაცემთა ელემენტები - ზოგადი ინფორმაცია
ფიქსირებული სიგრძის საკონტროლო ველი 181216s2017||||ge |||||||||||||| ||geo||
020 ## - წიგნის საერთაშორისო სტანდარტული ნომერი
International Standard Book Number 9789941244803
040 ## - კატალოგიზაციის წყარო
Transcribing agency GE_BSU
041 ## - ენის კოდი
Language code of text/sound track or separate title geo
080 ## - უნივერსალური ათობითი კლასიფიკაციის ინდექსი
Universal Decimal Classification number 338.22 დ-42
245 ## - ცნობა სათაურის შესახებ
Title დიდი წიგნი ბიზნესზე /
Statement of responsibility, etc მთარგმნელი ანა აფციაური ; რედაქტორი ლია შარვაშიძე.
264 ## - წარმოების, გამოცემის, დისტრიბუციის და სხვა ცნობები
გამოცემის, წარმოების, დისტრიბუციის... ადგილი თბილისი :
გამოცემის, წარმოების, დისტრიბუციის... სახელწოდება პალიტრა L,
გამოცემის, წარმოების, დისტრიბუციის... თარიღი 2017.
300 ## - ფიზიკური აღწერა
Extent 352 გვ. :
Other physical details ფოტ. ;
Dimensions 24 სმ.
490 ## - სერიის ცნობა
Series statement ლურჯი ოკეანე
500 ## - ზოგადი შენიშვნა
General note განმარტებითი ლექსიკონი გვ. : 340-343
500 ## - ზოგადი შენიშვნა
General note საძიებელი გვ. : 344-351
653 ## - INDEX TERM--UNCONTROLLED
Uncontrolled term ბიზნესი
653 ## - INDEX TERM--UNCONTROLLED
Uncontrolled term დიდი წიგნი ბიზნესზე
653 ## - INDEX TERM--UNCONTROLLED
Uncontrolled term ეკონომიკა
700 ## - ADDED ENTRY--PERSONAL NAME
Personal name აფციაური, ანა
Relator term მთარგმნელი
9 (RLIN) 16154
700 ## - ADDED ENTRY--PERSONAL NAME
Personal name შარვაშიძე, ლია
Relator term რედაქტორი
9 (RLIN) 5787
942 ## - ADDED ENTRY ELEMENTS (KOHA)
Koha item type წიგნი
Source of classification or shelving scheme
ეგზემპლარები
ჩამოწერის სტატუსი დაკარგული ეგზემპლარის სტატუსი კლასიფიკაციის წყარო ან თაროზე გაწყობის სქემა დაზიანების სტატუსი არ გაიცემა მუდმივი მდებარეობა (დაცვის ადგილი) ამჟამინდელი ადგილსამყოფელი თაროზე განთავსების ადგილი შეძენის თარიღი ღირებულება, შესყიდვის ნორმალური ფასი სრული შენახვის შიფრი შტრიხკოდი ბოლო ოპერაციის თარიღი ეგზემპლარის მიმდევრობითი ნომერი (კეტერი?) ფასის ძალაში შესვლის თარიღი ეგზემპლარის სახეობა საჯარო შენიშვნა
          ბათუმის შოთა რუსთაველის სახელმწიფო უნივერსიტეტის მთავარი ბიბლიოთეკა ბათუმის შოთა რუსთაველის სახელმწიფო უნივერსიტეტის მთავარი ბიბლიოთეკა წიგნსაცავი 2018-12-17 34.90 338.22 დ-42 57098 2018-12-17 57098 2018-12-17 წიგნი 35.90 ₾.